000 00887nam0a22002651 4500
001 v19\rc\1631374
005 20250618233343.0
035 _a(NLR Aleph) 004746603
090 _a4517701
_c4517701
100 _a20061002d1899 |||y0rusy50 ca
101 0 _arus
102 _aRU
105 _aa b |||||
200 1 _aМои кошечки
_eКатины записки для малюток
_f(Переделка с фр.) М.В. Тиличеевой
_gРис. исполнены Н. Львовой
210 _aМосква
_cДет. радость
_d1899
215 _a15 с.
_cил.
_d17х22
700 1 _aТиличеева
_bМ.В.
_gМария Васильевна
702 1 _aЛьвова
_bН.Н.
_4440
801 0 _aRU
_bNLR
_gpsbo
801 0 _aRU
_bRuMoRGB
_2psbo
801 1 _aRU
_bProSoft-M
_2rusmarc
852 _aNLR
_j20.100.3.91
899 _aБАН
942 _cBOOK
980 _aNB